Streets by picture - Statistics

General Stats
  • This quiz has been taken 36 times
  • The average score is 10 of 16
Answer Stats
Picture Answer % Correct
London
100%
Paris
100%
Los Angeles
97%
Las Vegas
90%
New York
90%
San Francisco
84%
Hong Kong
68%
Rome
65%
Barcelona
58%
Edinburgh
55%
Jerusalem
52%
New Orleans
48%
Dubai
42%
Belfast
39%
Singapore
39%
Liverpool
16%
No matching quizzes found
Score Distribution
Percent of People with Each Score
Percentile by Number Answered
Your Score History
You have not taken this quiz